|
|
|
|
| LEADER |
00000nas a2200000 a 4500 |
| 001 |
ssj0013038 |
| 003 |
WaSeSS |
| 005 |
20200512172242.0 |
| 006 |
m d |
| 007 |
cr n |
| 008 |
020612c19359999dcuqr p s o 0 a0eng c |
| 010 |
|
|
|a 2002227011
|
| 015 |
|
|
|a GBB781307
|2 bnb
|
| 016 |
7 |
|
|a 2050689-2
|2 DE-600
|
| 016 |
7 |
|
|a 018166437
|2 Uk
|
| 022 |
|
|
|a 2325-5064
|y 0002-7316
|
| 035 |
|
|
|a (WaSeSS)ssj0013038
|
| 040 |
|
|
|a EYM
|b eng
|e pn
|c EYM
|d OCLCQ
|d MUQ
|d ZCU
|d WEA
|d OCLCQ
|d DLC
|d OCLCQ
|d OCLCF
|d OCLCO
|d OCLCQ
|d DEBBG
|d NLE
|d GILDS
|d OCLCO
|d UKMGB
|d VT2
|d NJT
|d DLC
|d WaSeSS
|
| 042 |
|
|
|a pcc
|a nsdp
|
| 043 |
|
|
|a n------
|a s------
|
| 050 |
0 |
0 |
|a E51
|
| 082 |
0 |
0 |
|a 913.7
|2 23
|
| 130 |
0 |
|
|a American antiquity (Online)
|
| 222 |
|
0 |
|a American antiquity
|b (Online)
|
| 245 |
1 |
0 |
|a American antiquity
|h [electronic resource].
|
| 260 |
|
|
|a Menasha, Wis. :
|b Society for American Archaeology,
|c 1935-
|
| 310 |
|
|
|a Quarterly
|
| 362 |
0 |
|
|a Vol. 1, no. 1 (July 1935)-
|
| 500 |
|
|
|a Title from title screen (viewed June 12, 2002).
|
| 500 |
|
|
|a Published: Washington, D.C., July 1970-
|
| 500 |
|
|
|a Vol. 1 (1935)--v. 13 (1947), v. 22, no. 4 (Apr. 1957), and v. 33, no. 1 (Jan. 1968) are digitized versions of the reprint ed. published: New York : Kraus Reprint Co., 1965-
|
| 506 |
|
|
|a License restrictions may limit access.
|
| 538 |
|
|
|a Mode of access: World Wide Web.
|
| 550 |
|
|
|a Organ of the Society for American Archaeology.
|
| 588 |
|
|
|a Latest issue consulted: Vol. 85, no. 1 (Jan. 2020 (Cambridge Core, viewed March 23, 2020).
|
| 650 |
|
0 |
|a Archaeology
|v Periodicals.
|
| 650 |
|
6 |
|a Archéologie
|v Périodiques.
|
| 650 |
|
7 |
|a Antiquities.
|2 fast
|0 (OCoLC)fst00810745
|
| 650 |
|
7 |
|a Archaeology.
|2 fast
|0 (OCoLC)fst00812938
|
| 651 |
|
0 |
|a America
|x Antiquities
|v Periodicals.
|
| 651 |
|
6 |
|a Amérique
|x Antiquités
|v Périodiques.
|
| 651 |
|
7 |
|a America.
|2 fast
|0 (OCoLC)fst01239786
|
| 655 |
|
0 |
|a Electronic journals.
|
| 710 |
2 |
|
|a Society for American Archaeology.
|
| 776 |
1 |
|
|t American antiquity
|x 0002-7316
|w (DLC) 46036122
|w (OCoLC)1479302
|
| 785 |
0 |
1 |
|t Latin American antiquity (Online)
|x 2325-5080
|w (DLC) 2004235691
|w (OCoLC)54395676
|
| 850 |
|
|
|a DLC
|
| 856 |
4 |
0 |
|z Full text available from Research Library: 04/01/2017 to 1 year ago
|u https://search.proquest.com/publication/47427
|